| 000 | 00974nam a22003137a 4500 | ||
|---|---|---|---|
| 001 | 050021435 | ||
| 003 | DO-SdBNP | ||
| 005 | 20180219144501.0 | ||
| 007 | 050021435 | ||
| 008 | 161202b 2000 sp a ||||| |||| 00| 0 spa d | ||
| 020 | _a9580412170 | ||
| 040 |
_aBPMSU _bspa _cBPMSU |
||
| 082 |
_axxxx _bxxxx |
||
| 100 | 1 | _aInkiow, Dimiter. | |
| 240 | 1 | _aKlara und der Kater Kasimir. | |
| 245 | 1 | 0 |
_aClara y el gato Casimiro / _cDimiter Inkiow ; traducción de Federico Schopf ; ilustraciones de Traudl y Walter Reiner. |
| 260 |
_aBarcelona : _bNorma, _c1978. |
||
| 300 |
_a109 p. : _bil. ; _c19 cm. |
||
| 490 | 1 | _aTorre de papel. Torre roja | |
| 500 | _aA partir de 7 años | ||
| 700 | 1 |
_aSchopf, Federico, _d1940- _etr. |
|
| 700 | 1 |
_aReiner, Walter, _eil. |
|
| 700 | 1 |
_aReiner, Traudl, _eil. |
|
| 830 | 0 | _aTorre de papel | |
| 830 | 0 | _aTorre roja | |
| 942 |
_2ddc _cBK |
||
| 945 | _aInventariado, 2018 / BT | ||
| 956 |
_2LOPEREZ _310 _620161202 _8BPMSU _a00041 |
||
| 999 |
_c12246 _d12246 |
||